Statistiken für Hauptstädte der Länder, die mit G beginnen

Klicken Sie hier um das Quiz zu spielen!

Allgemein

  • Dieses Quiz wurde 102 mal gespielt
  • Das Durchschnittsergebnis liegt bei 7 aus 10

Antwortstatistiken

G LandHauptstadt% Korrekt
GriechenlandAthen
98%
GuatemalaGuatemala-Stadt
90%
GéorgienTiflis
89%
GhanaAccra
82%
Guinea-BissauBissau
82%
GuyanaGeorgetown
71%
GabunLibreville
64%
GuineaConakry
61%
GambiaBanjul
58%
GrenadaSt. George’s
51%

Verteilung der Resultate

Perzentil nach korrekt beantworteten Fragen

Anzahl Personen mit jedem Resultat

Ihre Resultats-Entwicklung

Sie haben dieses Quiz noch nicht gespielt